Master of none : an auto biography
| Main Author: | |
|---|---|
| Format: | Book |
| Published: |
Manchester :
Carcanet Press ,
1990
|
| Subjects: |
MARC
| LEADER | 00000cam a2200000 7i4500 | ||
|---|---|---|---|
| 001 | 0000005810 | ||
| 002 | 000006282 | ||
| 005 | 20000330.0 | ||
| 020 | |a 0856358843 | ||
| 090 | 0 | 0 | |a 920 |b MOR |
| 100 | 1 | |a Mordurgo, J.E | |
| 245 | 1 | 0 | |a Master of none : |b an auto biography |c J.E Morpurgo |
| 260 | |a Manchester : |b Carcanet Press , |c 1990 | ||
| 300 | |a 332p. ; |c 22cm. | ||
| 600 | 0 | 0 | |a Morpurgo, J.E |x Biography |
| 650 | 0 | 0 | |a Porse in English,1945 |x Biography |
| 999 | |a 031039 |b BUKU |c PINJAMAN |e PERPUSTAKAAN KOMUNITI PETALING JAYA | ||